Geometría elemental /
Guardado en:
| Autor Principal: | |
|---|---|
| Formato: | Libro |
| Idioma: | Spanish Russian |
| Publicado: |
Moscú :
Editorial Mir,
c1974.
|
| Etiquetas: |
Agregar Etiqueta
Sin Etiquetas, Sea el primero en etiquetar este registro!
|
| LEADER | 00621nam a22001695a 4500 | ||
|---|---|---|---|
| 001 | MAT.inmabb002800 | ||
| 008 | 050916s1974####ru#a##########000#0#spa#d | ||
| 005 | 20110908173619.0 | ||
| 245 | 1 | 0 | |a Geometría elemental / |c A. V. Pogorélov ; traducido del ruso por Carlos Vega. |
| 260 | |a Moscú : |b Editorial Mir, |c c1974. | ||
| 300 | |a 223 p. : |b il. ; |c 21 cm. | ||
| 505 | 0 | |a Parte 1.ª, Planimetría -- Parte 2.ª, Estereometría. | |
| 100 | 1 | |a Pogorelov, A. V. |q (Aleksei Vasil´evich), |d 1919- | |
| 084 | |a 51-01 |2 msc2000 | ||
| 041 | 1 | |a spa |h rus | |
| 859 | |h 51 |i P746 |p A-4760 |b BIB. MATEMATICA | ||
| 859 | |h 51 |i P746 |p A-5256 |t Ej. 2 |b BIB. MATEMATICA | ||
